LEADER 01738nam a2200361 u 4500 001 000000027890 003 CaOOAMICUS 005 20070226111735.0 008 960228m19791980gw f u000 u ger u 020 $a3110080273 (v.1) 020 $a3110080281 (v.2) 035 $a10724607 040 $aBAV(R)$bita$dPUL(R) 041 0 $ager$amul 130 0 $aSoziale Ordnungen im Selbstverständis des Mittelalters$g[Spogli].$0(OLS)http://pul/title/38113 245 10$aSoziale Ordnungen im Selbstverständis des Mittelalters /$cherausgegeben von Albert Zimmermann ; für den Druck besorgt von Gudrun Vuillemin-Diem. 260 $aBerlin :$bW. de Gruyter,$c1979-1980. 300 $a619 S. in 2 v., :$bTafeln, ;$c25 cm 490 1 $aMiscellanea mediaevalia ;$v12.1-2 500 $aBeiträge deutsch, englisch, französisch, spanisch u. italienisch. 650 4$aSociologia$yEvo medio.$0(OLS)http://pul/subject/16080 700 1 $aZimmermann, Albert,$d1928-$0(OLS)http://pul/name/856 700 1 $aVuillemon-Diem, Gudrun.$0(OLS)http://pul/name/22750 710 2 $aUniversität zu Köln.$bThomas-Institut.$0(OLS)http://pul/name/12950 830 0$aMiscellanea mediaevalia ;$v12.1-2.$0(OLS)http://pul/title/407 850 $aPUL 852 $aPUL$W1$xSL Filosofia 1$y2$m105 F 12.1-2$j38801$nBK-PRI$b $qStampati$B38801$CPULBib$Z2$F38801 $H $81 941 1 $a8 961 $aINV: 49309 - 49310 996 $6020$a3110080273 (v.1)$9(OLS)http://pul/number/34592 996 $6020$a3110080281 (v.2)$9(OLS)http://pul/number/34593 996 $6245$aSoziale Ordnungen im Selbstverständis des Mittelalters$9(OLS)http://pul/title/38114 996 $6260$aBerlin :$bW. de Gruyter$9(OLS)http://pul/publisher/48032 LEADER 01625nam a2200349 a 4500 001 000000176849 003 CaOOAMICUS 005 20240521120838.0 008 240521s2024 it 100 u ita r 020 $a979-12-5482-240-1* 032 $aLibriCat 040 $aPUL$bita 082 04$a262.9 100 1 $aDel Pozzo, Massimo,$d1966-$0(OLS)http://pul/name/70406 245 04$aGli abusi liturgici: natura, storia e rimedi :$bsaggi per la fondazione giusliturgica del problema /$cMassimo Del Pozzo. 250 $aPrima edizione. 260 $aRoma :$bEDUSC,$c©2024. 300 $a226 p. ;$c25 cm 490 1 $aSubsidia canonica ;$v45 500 $aSul front.: Pontificia Università della Santa Croce, Facoltà di Diritto Canonico. 504 $aBibliografia in nota. 650 4$aLiturgia$xStudi.$0(OLS)http://pul/subject/13193 830 0$aSubsidia canonica ;$v45.$0(OLS)http://pul/title/67028 850 $aPUL 852 $aPUL$W1$xSL Diritto Canonico 3$y77$m262. 9 COLL 8.45$j200850$qDDC 21$B205807$CPULBib$Z2$F205807 $H136963 $82 852 $aPUL$W1$xDP2 Diritto Canonico 3$y99$m262. 9 COLL 8.45B$j202316$a2.copia$qDDC 21$B207618$CPULBib$Z2$F207618 $H138442 $82 941 1 $a9 996 $6020$a979-12-5482-240-1*$9(OLS)http://pul/number/169722 996 $6082$a262.9$9(OLS)http://pul/classification/369 996 $6245$aGli abusi liturgici: natura, storia e rimedi :$bsaggi per la fondazione giusliturgica del problema$9(OLS)http://pul/title/218347 996 $6260$aRoma :$bEDUSC$9(OLS)http://pul/publisher/79480